La ciencia en la civilización moderna (Record no. 74565)

MARC details
000 -LEADER
campo de control de longitud fija 01052nam a2200241 i 4500
001 - NÚMERO DE CONTROL
campo de control 74565
003 - IDENTIFICADOR DE NÚMERO DE CONTROL
campo de control ES-MaACL
005 - FECHA Y HORA DE LA ÚLTIMA TRANSACCIÓN
campo de control 20250406125832.0
007 - CAMPO FIJO DE DESCRIPCIÓN FÍSICA--INFORMACIÓN GENERAL
campo de control de longitud fija t|
008 - DATOS DE LONGITUD FIJA--INFORMACIÓN GENERAL
campo de control de longitud fija 040920s1929 sp |||| | spa d
100 1# - ENTRADA PRINCIPAL--NOMBRE DE PERSONA
Nombre de persona González Quijano, Pedro M.
9 (RLIN) 58891
245 13 - MENCIÓN DEL TÍTULO
Título La ciencia en la civilización moderna
Resto del título : discurso leído en la sesión inaugural del curso académico de 1929-30 /
Mención de responsabilidad, etc. Pedro Miguel González Quijano.
260 ## - PUBLICACIÓN, DISTRIBUCIÓN, ETC.
Lugar de publicación, distribución, etc. Madrid :
Nombre del editor, distribuidor, etc. [s.n.,
Fecha de publicación, distribución, etc. 1929] (
Fabricante Gráf. Reunidas)
300 ## - DESCRIPCIÓN FÍSICA
Extensión 78 p. ;
Dimensiones 24 cm.
500 ## - NOTA GENERAL
Nota general Precede al tít.: Real Academia de Ciencias Exactas Físicas y Naturales.
530 ## - NOTA DISPONIBLE DE FORMULARIO FÍSICO ADICIONAL
Nota de formato físico adicional disponible Disponible en formato digital.
650 04 - PUNTO DE ACCESO ADICIONAL DE MATERIA--TÉRMINO DE MATERIA
Término de materia o nombre geográfico como elemento de entrada Ciencia-
Subdivisión cronológica S.XX.
9 (RLIN) 10964
710 2# - ENTRADA AGREGADA--NOMBRE DE ENTIDAD CORPORATIVA
Nombre de entidad corporativa o nombre de jurisdicción como elemento de entrada Real Academia de Ciencias Exactas, Físicas y Naturales de España.
9 (RLIN) 175635
852 ## - LOCALIZACIÓN
Ubicación ES-MaACL
Número de control de estantería 1732-F-1
Ubicación en estantería Depósito folletos
Nota libre Revisado enlace: 06 de Abril de 2025
itemnumber 77372
856 ## - LOCALIZACIÓN Y ACCESO ELECTRÓNICOS
Identificador Uniforme de Recursos <a href="http://www.rac.es/ficheros/Discursos/DI_20080825_079.pdf ">http://www.rac.es/ficheros/Discursos/DI_20080825_079.pdf </a>
Texto de enlace Real Academia de Ciencias Exactas, Físicas y Naturales
942 ## - ELEMENTOS DE ENTRADA SECUNDARIOS (KOHA)
Fuente del sistema de clasificación o colocación Clasificación decimal universal
Holdings
Estatus retirado Estado de pérdida Estado de daño No para préstamo Colección Biblioteca de origen Biblioteca actual Ubicación en estantería Fecha de adquisición Fuente de adquisición Total de préstamos Signatura topográfica completa Código de barras Visto por última vez Precio de reemplazo Tipo de ítem Koha
        Colección de folletos Biblioteca del Ateneo de Madrid Biblioteca del Ateneo de Madrid Depósito folletos 17/01/2008     1732-F-1 1078053 23/02/2023 23/02/2023 Folleto